| 000 | 00415nam a2200169#a 4500 | ||
|---|---|---|---|
| 001 | 01349 | ||
| 003 | HDC | ||
| 007 | ta | ||
| 008 | 230623s2023 xx 000 0 eng d | ||
| 040 | _aHDC | ||
| 050 |
_aHC445.5 _b.C33 2010 |
||
| 245 | 0 |
_a Case book on transformation, innovation and partnership : _bconstruction & hospitality service. |
|
| 942 | _2lcc | ||
| 942 | _cBK | ||
| 942 | _kHC445.5 | ||
| 942 | _m.C33 2010 | ||
| 999 |
_c22915 _d22915 |
||